Memento experto. (Record no. 184870)

MARC details
000 -LEADER
campo de control de longitud fija 01413nam a2200361 i 4500
001 - NÚMERO DE CONTROL
campo de control 184870
003 - IDENTIFICADOR DE NÚMERO DE CONTROL
campo de control SpMaBN
005 - FECHA Y HORA DE LA ÚLTIMA TRANSACCIÓN
campo de control 20240224135225.0
008 - DATOS DE LONGITUD FIJA--INFORMACIÓN GENERAL
campo de control de longitud fija 160210s2015 sp |||| | spa d
020 ## - NÚMERO INTERNACIONAL ESTÁNDAR DEL LIBRO
Número Internacional Estándar del Libro 978-84-16268-60-3
080 ## - NÚMERO DE LA CLASIFICACIÓN DECIMAL UNIVERSAL
Número de la Clasificación Decimal Universal 343.222:347.19(460)
080 ## - NÚMERO DE LA CLASIFICACIÓN DECIMAL UNIVERSAL
Número de la Clasificación Decimal Universal 347.51(460):347.19
245 00 - MENCIÓN DEL TÍTULO
Título Memento experto.
Nombre de parte o sección de la obra Responsabilidad penal y procesal de las personas jurídicas /
Mención de responsabilidad, etc. [dirección, Ángel Juanes Peces ; coordinación, Elena Díez Rodríguez ; autores, Emilio Cortés Bechiarelli ... et al.].
246 30 - FORMA VARIANTE DEL TITULO
Título propio/Titulo breve Responsabilidad penal y procesal de las personas jurídicas
250 ## - MENCION DE EDICION
Mención de edición Act. a 1 de sept. de 2015.
260 ## - PUBLICACIÓN, DISTRIBUCIÓN, ETC.
Lugar de publicación, distribución, etc. Madrid :
Nombre del editor, distribuidor, etc. Francis Lefebvre,
Fecha de publicación, distribución, etc. 2015.
300 ## - DESCRIPCIÓN FÍSICA
Extensión 360 p. ;
Dimensiones 24 cm.
490 1# - MENCIÓN DE SERIE
Mención de serie Memento experto
500 ## - NOTA GENERAL
Nota general Índices.
504 ## - NOTA DE BIBLIOGRAFÍA, ETC.
Nota de bibliografía, etc. Referencias bibliográficas.
596 ## - NOTA AL PIE DE IMPRENTA
NOTA AL PIE DE IMPRENTA En contracub.: Lefebvre. El Derecho.
650 07 - PUNTO DE ACCESO ADICIONAL DE MATERIA--TÉRMINO DE MATERIA
Término de materia o nombre geográfico como elemento de entrada Responsabilidad penal.
9 (RLIN) 16869
650 07 - PUNTO DE ACCESO ADICIONAL DE MATERIA--TÉRMINO DE MATERIA
Término de materia o nombre geográfico como elemento de entrada Responsabilidad civil-
Subdivisión geográfica España.
9 (RLIN) 16867
700 1# - ENTRADA AGREGADA--NOMBRE PERSONAL
Nombre de persona Juanes Peces, Ángel.
9 (RLIN) 158732
700 1# - ENTRADA AGREGADA--NOMBRE PERSONAL
Nombre de persona Díez Rodríguez, Elena
Títulos y otros términos asociados al nombre , abogado.
9 (RLIN) 158738
700 1# - ENTRADA AGREGADA--NOMBRE PERSONAL
Nombre de persona Cortés Bechiarelli, Emilio.
9 (RLIN) 158733
710 2# - ENTRADA AGREGADA--NOMBRE DE ENTIDAD CORPORATIVA
Nombre de entidad corporativa o nombre de jurisdicción como elemento de entrada Ediciones Francis Lefebvre.
9 (RLIN) 158696
710 2# - ENTRADA AGREGADA--NOMBRE DE ENTIDAD CORPORATIVA
Nombre de entidad corporativa o nombre de jurisdicción como elemento de entrada El Derecho (Editorial)
9 (RLIN) 158682
830 0# - PUNTO DE ACCESO ADICIONAL DE SERIE-TÍTULO UNIFORME
Título uniforme Memento experto
9 (RLIN) 192246
852 ## - LOCALIZACIÓN
Ubicación ES-MaACL
Número de control de estantería A-15194
itemnumber 191885
Sublocalización o colección R.1651088
Ubicación en estantería Depósito 1
Signatura antigua Olim L 347.51 mem
-- Olim: Meseton
942 ## - ELEMENTOS DE ENTRADA SECUNDARIOS (KOHA)
Fuente del sistema de clasificación o colocación Clasificación decimal universal
Holdings
Estatus retirado Estado de pérdida Fuente del sistema de clasificación o colocación Estado de daño No para préstamo Biblioteca de origen Biblioteca actual Ubicación en estantería Fecha de adquisición Fuente de adquisición Total de préstamos Signatura topográfica completa Código de barras Visto por última vez Precio de reemplazo Tipo de ítem Koha
    Clasificación decimal universal     Biblioteca del Ateneo de Madrid Biblioteca del Ateneo de Madrid Depósito 1 10/02/2016 Donación   A-15194 1194702 23/02/2023 23/02/2023 Libro impreso